000 02591 a2200265 4500
003 UA-OsUOA
005 20210129122720.0
008 210129b un ||||| |||| 00| 0 ukr d
020 _a9789660350830
040 _aUA-OsUOA
_bukr
_cUA-OsUOA
_dUA-OsUOA
041 _aukr
080 _a821.161.2(494)
090 _a821.161.2(494)
_bК82
100 _aКрістоф А.
245 _aГрубий зошит. Доказ. Третя брехня
_bтрилогія
_cАгота Крістоф ; пер. з франц. Ірини Серебрякової
260 _bФоліо
_c2013
_aХарків
300 _a383 с.
490 _aКарта світу
520 _aАгота Крістоф (1935—2011) — відома швейцарська письменниця угорського походження, яка писала свої твори французькою. Дитинство письменниці припало на часи Другої світової війни; у 1956 році вона залишає рідну Угорщину й оселяється у Швейцарії. Ці дві події — війна та еміграція — стали центральними темами її творчості. Романи «Грубий зошит» (1986), «Доказ» (1987) і «Третя брехня» (1991) утворюють трилогію, яку було перекладено понад тридцятьма мовами світу. Містка і лаконічна оповідь розгортається навколо історії довжиною в життя — одне життя на двох, адже перед нами незвичайні герої: брати-близнята, розвіяні виром війни. Це історія про те, що сімейні таємниці інколи краще не розгадувати. Про те, що найстрашнішим ворогом може стати рідний брат. Про те, що найсильнішого болю завдають найближчі люди. Про письменство, божевілля і тонку межу, яка їх розділяє...
650 _2UDC
_a821 Художня література окремими мовами і мовними сім'ями
700 1 _aСеребрякова І.
_eпер. з франц.
942 _cBK
_2udc
955 _a3
999 _c570103
_d570103